01620nam a2200241 a 4500001001000000005001700010008004100027041000800068044000700076084002000083100004500103245028700148260003700435300004200472500020900514500037400723500004401097650005201141650005601193650003401249650004501283740005001328BRCA_239520190320203804.0111108s1617----be-#---###---#000-0#spa-u aspa abe a036b.H87c16171 aCervantes Saavedra, Miguel ded1547-161610aPrimera parte del Ingenioso Hidalgo Don Quixote de la Manchabdirigido al Duque de Béjar Marqués de Gibraleón, Conde de Benalcazar y Bañares, Vizconde de la Puebla de Alcocer, Señor de las villas de Capilla, Curiel y Burguillosccompuesto por Miguel de Cervantes Saavedra. aBruselasbHumberto Antonioc1617 a1 v. (en varias paginaciones)c18 cm. aContenido : Dedicatoria del autor al Duque de Béjar. Prólogo del autor. Versos preliminares con exepción del soneto de Solisdán. Texto. Privilegio de los Príncipes Alberto e Isabel Clara Eugenia aReimpresión exacta de la primera parte de la edición bruselense, publicada en 1611 que, a su vez, es la copia exacta (con algunas erratas) de la edición del año de 1607, del mismo editor. Lindo ejemplar, encuadernado en fina piel roja, corte y filetes dorados. En la portada tiene borradas las siguientes palabras del título: La primera parte Lúdovik Osterc aCon ex-libris de : C. H. S. John Hornby14aNovela españolayÉpoca clásica, 1500-170014aLiteratura españolayÉpoca clásica, 1500-170014aNovela españolaySiglo XVII14aDon Quijote (Personaje ficticio)eNovela0 aEl Ingenioso Hidalgo Don Quijote de la Mancha